Szent-Györgyi–évforduló
[„2002-ben 70 éves jubileumát ünnepelhetjük annak, hogy Szent-Györgyi Albert először publikálta alapvető munkássága, a C-vitamin, a hexuronsav és az aszkorbinsav kémiai azonosságára vonatkozó kutatásai eredményét”.]
Elmentve itt :
| Dokumentumtípus: | Cikk |
|---|---|
| Megjelent: |
2002
|
| Sorozat: | Magyar Kémikusok Lapja
57 No. 1-2 |
| Online Access: | http://misc.bibl.u-szeged.hu/73078 |
| LEADER | 00777nab a2200169 i 4500 | ||
|---|---|---|---|
| 001 | misc73078 | ||
| 005 | 20231011111141.0 | ||
| 008 | 231011s2002 hu o 000 hun d | ||
| 040 | |a SZTE Miscellanea Repozitórium |b hun | ||
| 041 | |a hun | ||
| 245 | 0 | 0 | |a Szent-Györgyi–évforduló |h [elektronikus dokumentum] |
| 260 | |c 2002 | ||
| 300 | |a 44-45 | ||
| 490 | 0 | |a Magyar Kémikusok Lapja |v 57 No. 1-2 | |
| 520 | 3 | |a [„2002-ben 70 éves jubileumát ünnepelhetjük annak, hogy Szent-Györgyi Albert először publikálta alapvető munkássága, a C-vitamin, a hexuronsav és az aszkorbinsav kémiai azonosságára vonatkozó kutatásai eredményét”.] | |
| 561 | |a Szent-Györgyi Albertről szóló irodalom | ||
| 856 | 4 | 0 | |u http://misc.bibl.u-szeged.hu/73078/1/szgya_2002_003.pdf |z Dokumentum-elérés |